[Event "Brandenburg-ch Seniors 18th"]
[Site "Rowy"]
[Date "2009.06.24"]
[Round "3"]
[White "Niezgoda, Boleslaw"]
[Black "Kopiske, Manfred"]
[Result "1-0"]
[WhiteElo "1647"]
[BlackElo "1564"]
[PlyCount "97"]
[EventDate "2009.06.22"]
[EventType "swiss"]
[EventRounds "9"]
[EventCountry "POL"]
[SourceTitle "EXT 2022"]
[Source "ChessBase"]
[SourceDate "2021.10.06"]
[SourceVersion "1"]
[SourceVersionDate "2021.10.06"]
[SourceQuality "1"]

1. e4 c5 2. f4 d6 3. Nf3 Nc6 4. c3 Nf6 5. d3 Qc7 6. Be2 e5 7. 0-0 Be7 8. f5 Bd7 9. Bg5 Qb6 10. Qc1 h6 11. Bh4 Rc8 12. Nbd2 a6 13. Nc4 Qc7 14. Ne3 Nh5 15. Bxe7 Nf4 16. Qe1 Nxe7 17. Rc1 Bb5 18. Nc4 a5 19. b3 Ba6 20. g3 Nxe2+ 21. Qxe2 b5 22. Ne3 Qb6 23. Kh1 Bb7 24. f6 gxf6 25. Nh4 d5 26. Nef5 dxe4 27. dxe4 Qc6 28. Rce1 Ng6 29. Qh5 Rg8 30. Nxh6 Rg7 31. N6f5 Rg8 32. Qh7 Rh8 33. Qg7 Rxh4 34. Nxh4 Nxh4 35. Rxf6 Qd7 36. Qh8+ Ke7 37. Qxh4 Rf8 38. Rf5+ f6 39. Rxe5+ Kd8 40. Rxc5 Qd2 41. Rf1 Qe3 42. Rd1+ Ke8 43. Qh5+ Rf7 44. Qh8+ Rf8 45. Rd8+ Kxd8 46. Qxf8+ Kd7 47. Qf7+ Kd6 48. Qc7+ Ke6 49. Qb6+ 1-0